| 000 | 00508nam a22001937a 4500 | ||
|---|---|---|---|
| 003 | OSt | ||
| 005 | 20140310181752.0 | ||
| 008 | 130627t xxu||||| |||| 00| 0 eng d | ||
| 020 | _a9715140963 | ||
| 050 |
_aQC 21. 3 _b.D278 1991 |
||
| 082 |
_aFIL 530 _bD34 1991 |
||
| 100 | _aDe Castro, Carlo A. | ||
| 245 |
_aPhysics / _cCarlo A. De Castro, et al. |
||
| 260 |
_aQuezon City : _bFNB Educational, Inc., _c1991 |
||
| 300 |
_aii, 415 p. ; _c25 cm. |
||
| 562 | _e1 | ||
| 942 |
_2lcc _cBK |
||
| 999 |
_c3278 _d3278 |
||